00951nam a22002417a 450000500170000001000130001702000230003003500130005303700160006604000120008208200160009410000250011024500460013526000420018127000610022330000250028465000340030965000310034394200250037499900190039995201570041895201340057520170124110145.0 aA-944326 c300.00a8186030700 aA-944326 bCen Lib/Ret aDPLbEN a646.79bTAL aTalwar, A. P.911991 aGrowing old mirthfully /cby A. P. Talwar bRegency PublicationsaNew Delhic1998 a20/36-G, Old Market, West Patel NagarbNew Delhie110008 avi, 263p. c21cm(Hb) aSimple rules of health933248 aDiseases of old age933249 2ddccENh646.79mTAL c131932d131932 04104070aLbLd2015-07-16eCen Lib/Retg0.00l1o646.79 TALpA-944326r2017-05-18 00:00:00s2017-05-01t1v0.00w2015-07-16yENzW/d list no. 6835/25 00104070aLbLd2015-07-29eCen Lib/Ret g300.00l0o646.79 TALpA-944327r2015-07-29 00:00:00t2v300.00w2015-07-29yEN